000 00829nam a2200253 i 4500
001 bg
100 1 _aŻUKOWSKI, Paweł
245 1 0 _aDegradacja i ochrona atmosfery :
_b(zarys problematyki metod badań) /
_cPaweł Żukowski.
260 _aRzeszów :
_bWydaw. Oświatowe FOSZE,
_c1996.
300 _a188, [2] s. :
_bwykr. ;
_c19 cm.
490 1 _aOchrona i Kształtowanie Środowiska
504 _aBibliogr. s. 115-[117]. - Streszcz., summ., Zsfassung.
650 9 _aAtmosfera
_xhigiena i ochrona
650 9 _aAtmosfera
_xbadanie
_xmetody
651 9 _aSzczecin, okręg
_xhigiena
830 _aOchrona i Kształtowanie Środowiska
020 _a8386282584
040 _cBPK
041 0 _apl
_bende
080 _a504.3.05:914.38
920 _a83-86282-58-4
942 _cKS
008 s pl f |000 0 pol
999 _c31395
_d31395
856 _uhttp://koha.tu.koszalin.pl/cgi-bin/koha/opac-detail.pl?biblionumber=31395
_yKatalog online BPK